Complex variables and applications (Record no. 3507)

000 -LEADER
fixed length control field 00586nam a22002297a 4500
001 - CONTROL NUMBER
control field 3507
003 - CONTROL NUMBER IDENTIFIER
control field BD-DhUET
008 - FIXED-LENGTH DATA ELEMENTS--GENERAL INFORMATION
fixed length control field 141101b xxu||||| |||| 00| 0 eng d
020 ## - INTERNATIONAL STANDARD BOOK NUMBER
International Standard Book Number 0070108552
040 ## - CATALOGING SOURCE
Transcribing agency 0
Modifying agency BD-DhUET
082 ## - DEWEY DECIMAL CLASSIFICATION NUMBER
Classification number 517.8
Item number CHU/1974
100 ## - MAIN ENTRY--PERSONAL NAME
Personal name Churchill, Ruel V.
245 ## - TITLE STATEMENT
Title Complex variables and applications
250 ## - EDITION STATEMENT
Edition statement 3rd ed.
260 ## - PUBLICATION, DISTRIBUTION, ETC. (IMPRINT)
Place of publication, distribution, etc. New York
Name of publisher, distributor, etc. McGraw-Hill
Date of publication, distribution, etc. 1974
300 ## - PHYSICAL DESCRIPTION
Extent x, 332 p.
Other physical details ill.
Dimensions 23 cm.
504 ## - BIBLIOGRAPHY, ETC. NOTE
Bibliography, etc Includes bibliographies
650 #0 - SUBJECT ADDED ENTRY--TOPICAL TERM
Topical term or geographic name as entry element Complex variables
700 ## - ADDED ENTRY--PERSONAL NAME
Personal name Brown, James W.
700 ## - ADDED ENTRY--PERSONAL NAME
Personal name Verhey, Roger F.
942 ## - ADDED ENTRY ELEMENTS (KOHA)
Koha item type General Book
Holdings
Koha date last borrowed Shelving location Sublocation or collection (holding branch) Piece designation (barcode) Lost status Koha full call number Koha renewals Copy number Location (home branch) Source of classification or shelving scheme Damaged status Price effective from Koha item type Koha date last seen Date acquired Koha normalized classification for sorting Not for loan Withdrawn status
 Circulation sectionCentral Library, BUET39411 517.8/CHU/1974 1Central Library, BUET  2014-11-01General Book2014-11-012014-11-01517_800000000000000_CHU_1974  
 Circulation sectionCentral Library, BUET43301 517.8/CHU/1974 2Central Library, BUET  2014-11-01General Book2014-11-012014-11-01517_800000000000000_CHU_1974  
 Circulation sectionCentral Library, BUET45109 517.8/CHU/1974 3Central Library, BUET  2014-11-01General Book2014-11-012014-11-01517_800000000000000_CHU_1974  
 Circulation sectionCentral Library, BUET52889 517.8/CHU/1974 4Central Library, BUET  2014-11-01General Book2016-05-182014-11-01517_800000000000000_CHU_1974  
 Circulation sectionCentral Library, BUET37655 517.8/CHU/1974 5Central Library, BUET  2014-11-17General Book2016-04-022014-11-17517_800000000000000_CHU_1974  
 Circulation sectionCentral Library, BUET58032 517.8/CHU/197426Central Library, BUET  2014-11-17General Book2016-08-302014-11-17517_800000000000000_CHU_1974  
0000-00-00Circulation sectionCentral Library, BUET52887 517.8/CHU/1974 7Central Library, BUET  2015-05-03General Book2015-05-032015-05-03517_800000000000000_CHU_1974  
 Circulation sectionCentral Library, BUET37654 517.8/CHU/1974 8Central Library, BUET  2015-05-03General Book2015-05-032015-05-03517_800000000000000_CHU_1974  
 Circulation sectionCentral Library, BUET39412 517.8/CHU/1974 9Central Library, BUET  2015-05-04General Book2015-05-042015-05-04517_800000000000000_CHU_1974  
 Circulation sectionCentral Library, BUET58033 517.8/CHU/1974 10Central Library, BUET  2015-05-20General Book2015-05-202015-05-20517_800000000000000_CHU_1974  
 Reading sectionCentral Library, BUET24535 517.8/CHU/1974 11Central Library, BUET  2015-06-13Reading Item2015-06-132015-06-13517_800000000000000_CHU_1974  
 Circulation sectionCentral Library, BUET43304 517.8/CHU/1974 12Central Library, BUET  2015-07-13General Book2015-07-132015-07-13517_800000000000000_CHU_1974